| 000 | 00476nam a2200169 i 4500 | ||
|---|---|---|---|
| 001 | 112107 | ||
| 003 | ES-MaACL | ||
| 005 | 20230906185437.0 | ||
| 007 | t| | ||
| 008 | 061121s1970 sp |||| | spa d | ||
| 100 | 1 |
_aNicolau, Ernesto Pedro. _985579 |
|
| 245 | 1 | 0 |
_aAforismos de la vida / _cErnesto Pedro Nicolau. |
| 260 |
_aBadajoz : _bTipografía Clásica, _c1970. |
||
| 300 |
_a100 p. ; _c16 cm. |
||
| 650 | 0 | 4 |
_aMáximas y aforismos. _914865 |
| 852 |
_aES-MaACL _jC-53625 |
||
| 999 |
_c112107 _d112107 |
||